ბათუმის შოთა რუსთაველის სახელმწიფო უნივერსიტეტის ბიბლიოთეკა

ქართული ჰაგიოგრაფიული ძეგლები ტ.1 : (ბიბ.ჩანაწერი № 34494)

000 -ლიდერი
ფიქსირებული სიგრძის საკონტროლო ველი 01398nam a2200265Ia 4500
001 - საკონტროლო ნომერი
საკონტროლო ველი 243
003 - საკონტროლო ნომრის იდენტიფიკატორი
საკონტროლო ველი GE_BSU
005 - ბოლო ოპერაციის თარიღი და დრო
საკონტროლო ველი 20220915120247.0
008 - ფიქსირებული სიგრძის მონაცემთა ელემენტები - ზოგადი ინფორმაცია
ფიქსირებული სიგრძის საკონტროლო ველი 181216s ||||ge |||||||||||||| ||geo||
020 ## - წიგნის საერთაშორისო სტანდარტული ნომერი
International Standard Book Number 9789994075553
040 ## - კატალოგიზაციის წყარო
Transcribing agency GE_BSU
041 ## - ენის კოდი
Language code of text/sound track or separate title geo
080 ## - უნივერსალური ათობითი კლასიფიკაციის ინდექსი
Universal Decimal Classification number 821.353.1 ქ–27
245 ## - ცნობა სათაურის შესახებ
Title ქართული ჰაგიოგრაფიული ძეგლები ტ.1 :
Remainder of title ორიგინალური ტექსტები და ახალი ქართული თარგმანები 3 ტომად /
Statement of responsibility, etc რედ. ლევან აბაშიძე.
264 ## - წარმოების, გამოცემის, დისტრიბუციის და სხვა ცნობები
გამოცემის, წარმოების, დისტრიბუციის... ადგილი თბილისი :
გამოცემის, წარმოების, დისტრიბუციის... სახელწოდება [?],
გამოცემის, წარმოების, დისტრიბუციის... თარიღი 2008.
300 ## - ფიზიკური აღწერა
Extent 366 გვ. ;
Dimensions 26 სმ.
653 ## - INDEX TERM--UNCONTROLLED
Uncontrolled term ქართლის მოქცევა
653 ## - INDEX TERM--UNCONTROLLED
Uncontrolled term წამება წმინდა მოწამე შუშანიკ დედოფლისა
653 ## - INDEX TERM--UNCONTROLLED
Uncontrolled term მარტვილობა და მოთმენა წმინდა ევსტათი მცხეთელისა
653 ## - INDEX TERM--UNCONTROLLED
Uncontrolled term ქრისტეს წმინდა და ნეტარი მოწამის აბოს წამება
653 ## - INDEX TERM--UNCONTROLLED
Uncontrolled term ქართული ჰაგიოგრაფიული ძეგლები
700 ## - ADDED ENTRY--PERSONAL NAME
Personal name აბაშიძე, ლევან
Relator term რედაქტორი
9 (RLIN) 1268
942 ## - ADDED ENTRY ELEMENTS (KOHA)
Koha item type წიგნი
Source of classification or shelving scheme
ეგზემპლარები
ჩამოწერის სტატუსი დაკარგული ეგზემპლარის სტატუსი კლასიფიკაციის წყარო ან თაროზე გაწყობის სქემა დაზიანების სტატუსი არ გაიცემა მუდმივი მდებარეობა (დაცვის ადგილი) ამჟამინდელი ადგილსამყოფელი თაროზე განთავსების ადგილი შეძენის თარიღი ღირებულება, შესყიდვის ნორმალური ფასი სრული შენახვის შიფრი შტრიხკოდი ბოლო ოპერაციის თარიღი ეგზემპლარის მიმდევრობითი ნომერი (კეტერი?) ფასის ძალაში შესვლის თარიღი ეგზემპლარის სახეობა საჯარო შენიშვნა
          ბათუმის შოთა რუსთაველის სახელმწიფო უნივერსიტეტის მთავარი ბიბლიოთეკა ბათუმის შოთა რუსთაველის სახელმწიფო უნივერსიტეტის მთავარი ბიბლიოთეკა წიგნსაცავი 2018-12-17 5.00 821.353.1 ქ–27 2328 2018-12-17 2328 2018-12-17 წიგნი 5.00₾.
          ბათუმის შოთა რუსთაველის სახელმწიფო უნივერსიტეტის მთავარი ბიბლიოთეკა ბათუმის შოთა რუსთაველის სახელმწიფო უნივერსიტეტის მთავარი ბიბლიოთეკა წიგნსაცავი 2018-12-17 5.00 821.353.1 ქ–27 2329 2018-12-17 2329 2018-12-17 წიგნი 5.00 ₾.
          ბათუმის შოთა რუსთაველის სახელმწიფო უნივერსიტეტის მთავარი ბიბლიოთეკა ბათუმის შოთა რუსთაველის სახელმწიფო უნივერსიტეტის მთავარი ბიბლიოთეკა წიგნსაცავი 2018-12-17 17.00 821.353.1 ქ–27 56698 2018-12-17 56698 2018-12-17 წიგნი 17.00 ₾.